| 000 | 00338nam a2200133Ia 4500 | ||
|---|---|---|---|
| 008 | 220204s9999 xx 000 0 und d | ||
| 082 |
_a574 _bCHA |
||
| 245 | 0 | _aWet coastal ecosystems | |
| 260 |
_aAmsterdam _bElsevier _c1977 |
||
| 490 | _aEcosystems of the world;1 | ||
| 650 | _aCoastal ecosystem | ||
| 700 | _aCHAPMAN, V J | ||
| 942 | _cBK | ||
| 999 |
_c27619 _d27619 |
||